[Event "Tournament 14459 - Europe Echecs"]
[Site "Europe Echecs"]
[Date "2020.07.07"]
[Round "8"]
[Time "17:52:33"]
[PlyCount "74"]
[White "NicaudSebastie"]
[Black "AnseeuwEmma"]
[WhiteElo "1058"]
[BlackElo "1228"]
[Mode "WEB"]
[Result "1-0"]

1. e4 e5 2. Nf3 Nc6 3. c3 f6 4. d4 d6 5. d5 Nce7 6. Be3 c6 7. c4 cxd5 8. cxd5
Qa5+ 9. Bd2 Qb6 10. Be3 Qxb2 11. Nbd2 Qa3 12. Nc4 Qb4+ 13. Nfd2 b5 14. Nxd6+
Qxd6 15. Bxb5+ Bd7 16. Bxd7+ Qxd7 17. O-O Nc8 18. Qc1 Bb4 19. Nc4 Nge7 20. Rb1
Ba5 21. Nxa5 O-O 22. f3 Re8 23. Rb7 Qa4 24. Nb3 Nd6 25. Nc5 Qxa2 26. Rb2 Qa5 27.
Qb1 Nc4 28. Ra2 Qc7 29. Ne6 Qd6 30. Bc5 Qd7 31. Ra6 Nd2 32. Qb4 Nxf1 33. Rd6 Qc6
34. Rxc6 Ne3 35. Bxe3 a5 36. Qb7 Nxc6 37. Qxg7# {AnseeuwEmma est échec et mat} 1-0

[Event "Tournament 14459 - Europe Echecs"]
[Site "Europe Echecs"]
[Date "2020.07.07"]
[Round "8"]
[Time "17:52:33"]
[PlyCount "36"]
[White "PalmierNathan"]
[Black "ClairThibaud"]
[WhiteElo "1150"]
[BlackElo "980"]
[Mode "WEB"]
[Result "1-0"]

1. e4 e6 2. Nc3 Be7 3. Nf3 b6 4. d4 Bb7 5. Bd3 d6 6. Be3 Nf6 7. O-O O-O 8. Ng5
h6 9. e5 Nfd7 10. exd6 cxd6 11. Nge4 f5 12. Ng3 Qc7 13. Qh5 d5 14. Qg6 Rf6 15.
Qh5 Rg6 16. Qxg6 Nc6 17. Bxh6 Rf8 18. Qxg7# {ClairThibaud est échec et mat} 1-0

[Event "Tournament 14459 - Europe Echecs"]
[Site "Europe Echecs"]
[Date "2020.07.07"]
[Round "8"]
[Time "17:52:33"]
[PlyCount "48"]
[White "RobertAlexandr"]
[Black "RequenaPaulin"]
[WhiteElo "799"]
[BlackElo "1140"]
[Mode "WEB"]
[Result "1-0"]

1. e4 e5 2. Nf3 Nc6 3. d4 Nxd4 4. Nxd4 exd4 5. Qxd4 Nf6 6. e5 c5 7. Qe3 Ng4 8.
Qf4 Qa5+ 9. c3 d6 10. Bc4 Be6 11. Bxe6 fxe6 12. exd6 Nf6 13. O-O Nd5 14. Qc4
Bxd6 15. Re1 e5 16. Qxd5 O-O-O 17. b4 cxb4 18. Qxa5 bxc3 19. Qxc3+ Kb8 20. Na3
b6 21. Nb5 Bc5 22. Be3 Bd4 23. Qc7+ Ka8 24. Qxa7# {RequenaPaulin est échec et mat} 1-0

[Event "Tournament 14459 - Europe Echecs"]
[Site "Europe Echecs"]
[Date "2020.07.07"]
[Round "8"]
[Time "17:52:33"]
[PlyCount "81"]
[White "RachidNatalia"]
[Black "BertrandCome"]
[WhiteElo "1131"]
[BlackElo "799"]
[Mode "WEB"]
[Result "0-1"]

1. e4 e5 2. Nf3 Nc6 3. d4 Nf6 4. Bc4 Nxe4 5. dxe5 Bc5 6. O-O O-O 7. Nc3 Nxc3 8.
bxc3 Qe7 9. Be3 Bxe3 10. fxe3 Nxe5 11. Bd3 Nxf3+ 12. Qxf3 d6 13. Qh5 Qxe3+ 14.
Kh1 h6 15. Rfe1 Qf2 16. g4 b6 17. g5 Bb7+ 18. Re4 Bxe4+ 19. Bxe4 Rae8 20. gxh6
Rc8 21. h7+ Kh8 22. Qg4 f5 23. Qg6 fxe4 24. Rg1 Qf3+ 25. Rg2 Qf1+ 26. Rg1 Qf3+
27. Qg2 Qxg2+ 28. Rxg2 Rf1+ 29. Rg1 Rf6 30. c4 Re6 31. Rg3 e3 32. c5 dxc5 33. c4
e2 34. a4 e1=Q+ 35. Kg2 Re2+ 36. Kh3 Qf1+ 37. Kh4 Re4+ 38. Rg4 Qf2+ 39. Kh5 Qf5+
40. Rg5 Qxh7# {RachidNatalia est échec et mat} 0-1

[Event "Tournament 14459 - Europe Echecs"]
[Site "Europe Echecs"]
[Date "2020.07.07"]
[Round "8"]
[Time "17:52:33"]
[PlyCount "55"]
[White "NunesSoubeyran"]
[Black "JoinErnest"]
[WhiteElo "1130"]
[BlackElo "860"]
[Mode "WEB"]
[Result "0-1"]

1. e4 e5 2. Nf3 Nc6 3. Bc4 Bc5 4. c3 Nf6 5. d4 exd4 6. cxd4 Bb4+ 7. Nc3 O-O 8.
O-O Bxc3 9. bxc3 Nxe4 10. Qd3 d5 11. Bb3 Re8 12. Bc2 Bf5 13. Qe3 Ng3 14. Qg5
Nxf1 15. Kxf1 Bxc2 16. Kg1 Re1+ 17. Nxe1 Qxg5 18. Bxg5 Re8 19. Nxc2 f6 20. Bd2
b6 21. a4 a5 22. c4 dxc4 23. d5 Nb4 24. Nxb4 axb4 25. Rb1 c3 26. Bf4 c2 27. Rxb4
Re1# {NunesSoubeyran est échec et mat} 0-1

[Event "Tournament 14459 - Europe Echecs"]
[Site "Europe Echecs"]
[Date "2020.07.07"]
[Round "8"]
[Time "17:52:33"]
[PlyCount "74"]
[White "EripretRaoul"]
[Black "NormandPaulArt"]
[WhiteElo "799"]
[BlackElo "1120"]
[Mode "WEB"]
[Result "1-0"]

1. d4 d5 2. Nc3 Nf6 3. Bf4 Nc6 4. Nb5 Rb8 5. Nxc7+ Kd7 6. Nb5 e6 7. Bxb8 a6 8.
Bc7 Qe7 9. Bd6 Qd8 10. Bxf8 Rxf8 11. Nc3 Ke8 12. e3 Bd7 13. Nf3 Qb6 14. Qd2 Qb3
15. cxb3 Ne4 16. Nxe4 dxe4 17. Ng5 Rh8 18. Qc2 f6 19. Nh3 Nb4 20. Qxe4 f5 21.
Qxb7 Nc2+ 22. Kd1 Nxa1 23. Qb8+ Kf7 24. Qxh8 h6 25. Bxa6 Bc6 26. Kd2 Bxg2 27.
Rxa1 Bxh3 28. Rc1 g5 29. Rc8 f4 30. Qf8+ Kg6 31. Bd3+ Kh5 32. Qf7+ Kg4 33. exf4
gxf4 34. Qf5+ Kf3 35. Qe4+ Kxf2 36. Qe2+ Kg1 37. Qe1+ {NormandPaulArt a perdu au temps} 1-0

[Event "Tournament 14459 - Europe Echecs"]
[Site "Europe Echecs"]
[Date "2020.07.07"]
[Round "8"]
[Time "17:52:33"]
[PlyCount "63"]
[White "PonzeveraElsa"]
[Black "LegardeurAnton"]
[WhiteElo "799"]
[BlackElo "1115"]
[Mode "WEB"]
[Result "0-1"]

1. e4 Nf6 2. Nc3 e5 3. Nf3 Nc6 4. Bc4 Bb4 5. O-O Bxc3 6. dxc3 d6 7. h3 Nxe4 8.
Re1 Nf6 9. Bg5 h6 10. Bxf6 Qxf6 11. a4 O-O 12. b4 Ne7 13. b5 Qg6 14. Kh2 Bf5 15.
Bd3 Nd5 16. Bxf5 Qxf5 17. c4 Nf6 18. c3 Qf4+ 19. g3 Qxc4 20. Qc2 Rfe8 21. Nd2
Qe6 22. c4 Rad8 23. c5 dxc5 24. Qxc5 Rxd2 25. Qxc7 Rd7 26. Qa5 b6 27. Qb4 Qe7
28. Qc3 Qc5 29. Qd2 Rxd2 30. a5 Qxf2+ 31. Kh1 Qg2# {PonzeveraElsa est échec et mat} 0-1

[Event "Tournament 14459 - Europe Echecs"]
[Site "Europe Echecs"]
[Date "2020.07.07"]
[Round "8"]
[Time "17:52:33"]
[PlyCount "45"]
[White "RaffinLeon"]
[Black "RossoTiziano"]
[WhiteElo "1080"]
[BlackElo "799"]
[Mode "WEB"]
[Result "0-1"]

1. e4 e5 2. Bc4 Nf6 3. Nf3 Nxe4 4. Nxe5 d6 5. Nxf7 Qh4 6. O-O Nf6 7. Nxh8 Qxc4
8. Na3 Qg8 9. Re1+ Be7 10. d3 Qxh8 11. Bg5 h6 12. Bxf6 gxf6 13. Nc4 Nc6 14. Ne3
b6 15. Nf5 Bb7 16. Qe2 Qh7 17. Nh4 Qg8 18. Nf5 O-O-O 19. Nxh6 Qg7 20. Nf5 Qg6
21. Nxe7+ Nxe7 22. Qxe7 Qxg2# {RaffinLeon est échec et mat} 0-1

[Event "Tournament 14459 - Europe Echecs"]
[Site "Europe Echecs"]
[Date "2020.07.07"]
[Round "8"]
[Time "17:52:33"]
[PlyCount "42"]
[White "RobertLouis"]
[Black "ColinFelix"]
[WhiteElo "1080"]
[BlackElo "799"]
[Mode "WEB"]
[Result "1-0"]

1. e4 c5 2. Nf3 d5 3. exd5 Qxd5 4. Nc3 Qd8 5. Bc4 e5 6. Nxe5 Nf6 7. O-O Nc6 8.
Nxf7 Qd7 9. Re1+ Be7 10. Nxh8 Kf8 11. Nf7 Qg4 12. h3 Qxd1 13. Rxd1 b5 14. Nxb5
Ba6 15. Ng5 h6 16. Ne6+ Kf7 17. Nec7+ Kf8 18. Nxa8 Bb7 19. Nac7 Ba8 20. Nxa8 Bd6
21. Nxd6 {ColinFelix a abandonné} 1-0

[Event "Tournament 14459 - Europe Echecs"]
[Site "Europe Echecs"]
[Date "2020.07.07"]
[Round "8"]
[Time "17:52:33"]
[PlyCount "100"]
[White "DetrazLorna"]
[Black "TirateauTom"]
[WhiteElo "1032"]
[BlackElo "1440"]
[Mode "WEB"]
[Result "1-0"]

1. b4 d5 2. Bb2 Nf6 3. e3 c6 4. Nf3 e6 5. c4 dxc4 6. Bxc4 Bxb4 7. O-O O-O 8. d4
Nbd7 9. Qa4 Qe7 10. Ba3 Bxa3 11. Qxa3 Qxa3 12. Nxa3 b6 13. Rab1 Bb7 14. Rfc1
Rab8 15. Bd3 c5 16. Nb5 a6 17. Nd6 cxd4 18. Nxd4 h6 19. Nxb7 Rxb7 20. Bxa6 Rbb8
21. Nc6 Rbd8 22. Nxd8 Rxd8 23. Rc8 Rxc8 24. Bxc8 Ne5 25. Rxb6 Kf8 26. a4 Ke8 27.
a5 Kd8 28. a6 Nfd7 29. Bxd7 Nxd7 30. Rb7 Nc5 31. a7 Nxb7 32. a8=Q+ Kc7 33. Qf8
f6 34. Qxg7+ Kd6 35. Qxb7 Kc5 36. Qd7 Kc4 37. Kf1 Kc5 38. Ke2 Kc4 39. Kd2 Kc5
40. Kc2 Kc4 41. Qd4+ Kb5 42. Qc3 Kb6 43. Kb3 Kb5 44. Qc4+ Kb6 45. Kb4 Kb7 46.
Qc5 Ka8 47. Ka5 e5 48. Kb6 f5 49. Qc7 f4 50. Qa7# {TirateauTom est échec et mat} 1-0

[Event "Tournament 14459 - Europe Echecs"]
[Site "Europe Echecs"]
[Date "2020.07.07"]
[Round "8"]
[Time "17:52:33"]
[PlyCount "118"]
[White "ToChu"]
[Black "BainthouverezA"]
[WhiteElo "1210"]
[BlackElo "1058"]
[Mode "WEB"]
[Result "1/2-1/2"]

1. e4 e5 2. Nf3 Nc6 3. Bb5 Bc5 4. O-O Nf6 5. Bxc6 dxc6 6. Nxe5 O-O 7. d4 Bxd4 8.
Nf3 Bg4 9. h3 Bxf3 10. Qxf3 h6 11. Qg3 Nxe4 12. Qg4 Ng5 13. c3 Bf6 14. h4 Ne6
15. Bxh6 Qe7 16. Nd2 Kh7 17. Bf4 g6 18. Qg3 Bxh4 19. Qh3 Nxf4 20. Qg4 Nh5 21.
Rfe1 Qg5 22. Qxg5 Bxg5 23. Ne4 Bh4 24. g3 Be7 25. g4 Nf4 26. Re3 Kg7 27. Rd1
Rad8 28. Rxd8 Rxd8 29. Rf3 Ne6 30. b4 Rd1+ 31. Kg2 Ng5 32. Nxg5 Bxg5 33. Rg3 b6
34. Rh3 Ra1 35. Rd3 Rxa2 36. Rd7 Rc2 37. Rxc7 Rxc3 38. Rxa7 b5 39. Rc7 Bd8 40.
Rd7 Bb6 41. Rb7 Bd8 42. Rd7 Bf6 43. Rc7 Be5 44. Re7 Bb8 45. Rb7 Be5 46. Re7 Bf4
47. Re4 g5 48. f3 Rc2+ 49. Kf1 c5 50. bxc5 Rxc5 51. Rb4 Kf6 52. Ke2 Ke5 53. Kd3
Kd5 54. Ke2 f6 55. Kd3 Bg3 56. Ke3 Bf4+ 57. Kd3 Ke5 58. Ke2 Kd5 59. Kd3 {Nulle par répétition} 1/2-1/2

[Event "Tournament 14459 - Europe Echecs"]
[Site "Europe Echecs"]
[Date "2020.07.07"]
[Round "8"]
[Time "17:52:33"]
[PlyCount "61"]
[White "LoppinTya"]
[Black "RodionovVadim"]
[WhiteElo "1021"]
[BlackElo "1134"]
[Mode "WEB"]
[Result "0-1"]

1. d4 d5 2. Nf3 Nc6 3. e3 f6 4. Bd3 e5 5. Nbd2 e4 6. O-O exd3 7. b3 dxc2 8. Qxc2
Bd6 9. Bb2 Be6 10. Qd1 Nge7 11. Nh4 O-O 12. Nhf3 Ng6 13. Rc1 Qd7 14. e4 dxe4 15.
Nxe4 Bd5 16. Nxd6 Qxd6 17. h3 Bxf3 18. Qxf3 Nxd4 19. Qd1 Nf5 20. Qxd6 Nxd6 21.
Rxc7 a6 22. Ba3 Nb5 23. Rxb7 Nxa3 24. Rd1 Rfd8 25. Rc1 Rab8 26. Ra7 Nb5 27. Rxa6
Nd4 28. Rc7 Ne2+ 29. Kf1 Ngf4 30. Raa7 Rd1# {LoppinTya est échec et mat} 0-1

[Event "Tournament 14459 - Europe Echecs"]
[Site "Europe Echecs"]
[Date "2020.07.07"]
[Round "8"]
[Time "17:52:33"]
[PlyCount "103"]
[White "SemetroudenkoA"]
[Black "RomangNicolasT"]
[WhiteElo "799"]
[BlackElo "1090"]
[Mode "WEB"]
[Result "0-1"]

1. e4 c6 2. Nf3 d5 3. exd5 cxd5 4. Bb5+ Nc6 5. O-O Bg4 6. h3 Bh5 7. d4 Bxf3 8.
Qxf3 e6 9. Bf4 Bd6 10. Nc3 Nge7 11. Bxd6 Qxd6 12. Rfe1 O-O 13. Rad1 a6 14. Bd3
Nxd4 15. Qh5 g6 16. Qg4 Nxc2 17. Bxc2 Rac8 18. Ne4 Qc6 19. Qg5 Qxc2 20. Qxe7
Qxb2 21. Nd6 Rb8 22. a4 Qb4 23. Rb1 Qxa4 24. Rxb7 Rxb7 25. Qxb7 Qa5 26. Rc1 Qd2
27. Rc8 Qd1+ 28. Kh2 Rxc8 29. Qxc8+ Kg7 30. Qxa6 Qd4 31. Qb7 Qe5+ 32. g3 Qxd6
33. Qb2+ Kf8 34. Qh8+ Ke7 35. Qxh7 Qc5 36. Qh4+ Kf8 37. Qd8+ Kg7 38. Qg5 Qxf2+
39. Kh1 d4 40. Qe5+ Qf6 41. Qxf6+ Kxf6 42. Kg2 Ke5 43. Kf2 Ke4 44. Ke2 d3+ 45.
Kd1 Ke3 46. Ke1 d2+ 47. Kd1 Kd3 48. g4 e5 49. h4 e4 50. h5 e3 51. h6 e2# {SemetroudenkoA est échec et mat} 0-1

[Event "Tournament 14459 - Europe Echecs"]
[Site "Europe Echecs"]
[Date "2020.07.07"]
[Round "8"]
[Time "17:52:33"]
[PlyCount "95"]
[White "GrederBaptiste"]
[Black "AngeleAndreas"]
[WhiteElo "1080"]
[BlackElo "799"]
[Mode "WEB"]
[Result "0-1"]

1. e4 e5 2. Nf3 Nc6 3. Nc3 Bc5 4. Bc4 Nf6 5. h3 O-O 6. O-O d6 7. d3 h6 8. Be3
Bxe3 9. fxe3 Re8 10. d4 exd4 11. exd4 Nxe4 12. d5 Nxc3 13. bxc3 Ne5 14. Nxe5
dxe5 15. Re1 Qd6 16. Bb5 Qc5+ 17. Kf1 Qxb5+ 18. Qe2 Qxe2+ 19. Kxe2 c6 20. d6 Rd8
21. Red1 Bf5 22. Rd2 Rd7 23. Rc1 Rad8 24. g4 Bg6 25. h4 f6 26. h5 Bf7 27. c4
Bxc4+ 28. Ke3 Bxa2 29. c3 Rxd6 30. Rxa2 Rd3+ 31. Ke2 Kh7 32. Rd2 Rxd2+ 33. Ke1
g6 34. Kf1 gxh5 35. gxh5 Rd1+ 36. Rxd1 Rxd1+ 37. Ke2 Rd8 38. Ke3 a5 39. Ke4 a4
40. Kf5 a3 41. Kxf6 a2 42. Ke7 Rd2 43. Ke6 a1=Q 44. Kxe5 Qxc3+ 45. Kf4 Qd3 46.
Ke5 Re2+ 47. Kf6 Qf3# {GrederBaptiste est échec et mat} 0-1

[Event "Tournament 14459 - Europe Echecs"]
[Site "Europe Echecs"]
[Date "2020.07.07"]
[Round "8"]
[Time "17:52:33"]
[PlyCount "63"]
[White "ClaverieCharle"]
[Black "BoursierIrina"]
[WhiteElo "1065"]
[BlackElo "799"]
[Mode "WEB"]
[Result "0-1"]

1. e4 e6 2. e5 d5 3. d4 Bb4+ 4. c3 Be7 5. Bd3 h6 6. Nf3 Bg5 7. Nxg5 hxg5 8. O-O
f6 9. Qb3 fxe5 10. dxe5 b6 11. Be3 Ba6 12. Bxa6 Nxa6 13. Qb5+ c6 14. Qxa6 Qc8
15. Qd3 c5 16. Bxg5 c4 17. Qh3 Rxh3 18. gxh3 Qc7 19. Nd2 Qxe5 20. Rfe1 Qxg5+ 21.
Kh1 Qxd2 22. Rxe6+ Kf7 23. Rae1 Qxb2 24. Rd1 Qxa2 25. Rd6 Ke7 26. R1xd5 Qxf2 27.
Rd7+ Kf6 28. Rd2 Qf3+ 29. Kg1 Re8 30. Rf2 Re1+ 31. Rf1 Rxf1# {ClaverieCharle est échec et mat} 0-1

[Event "Tournament 14459 - Europe Echecs"]
[Site "Europe Echecs"]
[Date "2020.07.07"]
[Round "8"]
[Time "17:52:33"]
[PlyCount "29"]
[White "SevindikKaan"]
[Black "ErudelIrina"]
[WhiteElo "799"]
[BlackElo "1620"]
[Mode "WEB"]
[Result "0-1"]

1. d4 d5 2. Nc3 Nf6 3. Bg5 Nbd7 4. Bxf6 Nxf6 5. e3 Bf5 6. Bd3 Bg4 7. Be2 Bf5 8.
Bf3 e6 9. Nge2 Bd6 10. Nc1 O-O 11. O-O c6 12. Nb3 Bb8 13. Nc5 Qd6 14. Nxb7 Qxh2# {SevindikKaan est échec et mat} 0-1

[Event "Tournament 14459 - Europe Echecs"]
[Site "Europe Echecs"]
[Date "2020.07.07"]
[Round "8"]
[Time "17:52:33"]
[PlyCount "26"]
[White "ErudelMaeva"]
[Black "AndreaniEleono"]
[WhiteElo "1500"]
[BlackElo "799"]
[Mode "WEB"]
[Result "1-0"]

1. d4 d5 2. e3 e6 3. Bd3 Bb4+ 4. c3 Ba5 5. f4 f6 6. Nf3 e5 7. fxe5 fxe5 8. Nxe5
Qh4+ 9. g3 Qh3 10. Qf3 Bg4 11. Qf4 Qg2 12. Qf7+ Kd8 13. Qf8# {AndreaniEleono est échec et mat} 1-0

[Event "Tournament 14459 - Europe Echecs"]
[Site "Europe Echecs"]
[Date "2020.07.07"]
[Round "8"]
[Time "17:52:33"]
[PlyCount "42"]
[White "GadoisArnaud"]
[Black "MinaudierMouss"]
[WhiteElo "950"]
[BlackElo "1410"]
[Mode "WEB"]
[Result "1-0"]

1. e4 e5 2. Nf3 Nc6 3. Nc3 Nf6 4. Bb5 Bc5 5. Nxe5 Nxe5 6. d4 Bd6 7. dxe5 Bxe5 8.
O-O Bxc3 9. bxc3 a6 10. Bc4 Nxe4 11. Re1 O-O 12. Rxe4 d5 13. Bxd5 Bf5 14. Rf4
Be6 15. Rd4 Qg5 16. Bxe6 fxe6 17. Bxg5 Rf5 18. Qg4 Raf8 19. Rad1 h6 20. Bxh6 Kh7
21. Qxg7# {MinaudierMouss est échec et mat} 1-0

[Event "Tournament 14459 - Europe Echecs"]
[Site "Europe Echecs"]
[Date "2020.07.07"]
[Round "8"]
[Time "17:52:33"]
[PlyCount "51"]
[White "WangYize"]
[Black "CarobbioAntoin"]
[WhiteElo "920"]
[BlackElo "1220"]
[Mode "WEB"]
[Result "0-1"]

1. e4 d5 2. exd5 Qxd5 3. Nc3 Qa5 4. Nf3 c6 5. Nd4 Nf6 6. Nb3 Qc7 7. Bd3 Nbd7 8.
O-O e6 9. Ne4 Nxe4 10. Bxe4 f5 11. Re1 fxe4 12. Rxe4 Nc5 13. Nxc5 Bxc5 14. d3
O-O 15. c3 Bxf2+ 16. Kh1 b6 17. Be3 Bxe3 18. Rxe3 e5 19. d4 exd4 20. cxd4 c5 21.
dxc5 bxc5 22. Rc1 Qf7 23. Re1 Qg6 24. h3 Bb7 25. Rxc5 Qxg2# {WangYize est échec et mat} 0-1

[Event "Tournament 14459 - Europe Echecs"]
[Site "Europe Echecs"]
[Date "2020.07.07"]
[Round "8"]
[Time "17:52:33"]
[PlyCount "40"]
[White "JarryEliot"]
[Black "LayadiYasmine"]
[WhiteElo "890"]
[BlackElo "1180"]
[Mode "WEB"]
[Result "1-0"]

1. e4 d5 2. exd5 Nf6 3. Nc3 e5 4. dxe6 fxe6 5. Qf3 e5 6. d3 Bg4 7. Qg3 Bd6 8.
Bg5 Nc6 9. Bxf6 Qxf6 10. Qxg4 O-O 11. Qc4+ Kh8 12. Be2 b6 13. Nf3 Na5 14. Qd5
Rad8 15. Qe4 Bc5 16. Nd5 Qf7 17. Ne3 Bd4 18. Ng5 Qxf2+ 19. Kd1 Bxe3 20. Qxh7# {LayadiYasmine est échec et mat} 1-0

[Event "Tournament 14459 - Europe Echecs"]
[Site "Europe Echecs"]
[Date "2020.07.07"]
[Round "8"]
[Time "17:52:33"]
[PlyCount "33"]
[White "BaudinMarkus"]
[Black "RollotPriscill"]
[WhiteElo "799"]
[BlackElo "1094"]
[Mode "WEB"]
[Result "0-1"]

1. e4 e5 2. Bc4 Bc5 3. a4 Nf6 4. Ba2 d5 5. Qf3 dxe4 6. Qb3 Be6 7. Qc3 Bxa2 8.
Rxa2 O-O 9. Qxc5 b6 10. Qxe5 Re8 11. Qg3 Qd5 12. Ne2 Qxa2 13. d3 Qxb1 14. O-O
Qxc2 15. Bh6 g6 16. Qxc7 Qxc7 {BaudinMarkus a abandonné} 0-1

[Event "Tournament 14459 - Europe Echecs"]
[Site "Europe Echecs"]
[Date "2020.07.07"]
[Round "8"]
[Time "17:52:33"]
[PlyCount "54"]
[White "BlanchardEmile"]
[Black "SchluppEmma"]
[WhiteElo "799"]
[BlackElo "1094"]
[Mode "WEB"]
[Result "1/2-1/2"]

1. e4 e5 2. Nf3 Nc6 3. Nc3 Bc5 4. Bc4 Nf6 5. d3 d6 6. Bg5 Be6 7. Bxe6 fxe6 8.
Qd2 h6 9. Be3 d5 10. Bxc5 dxe4 11. dxe4 b6 12. Ba3 Ne7 13. Qxd8+ Rxd8 14. O-O c5
15. b4 cxb4 16. Bxb4 O-O 17. Bxe7 Rde8 18. Bxf8 Rxf8 19. Nxe5 a5 20. Nd7 Nxd7
21. Rad1 Ne5 22. Nb5 Nc4 23. Rd7 Ne5 24. Rd6 Nc4 25. Rd7 Ne5 26. Rd6 Nc4 27. Rd7 {Nulle par répétition} 1/2-1/2

[Event "Tournament 14459 - Europe Echecs"]
[Site "Europe Echecs"]
[Date "2020.07.07"]
[Round "8"]
[Time "17:52:33"]
[PlyCount "49"]
[White "LemoalAssiya"]
[Black "HoarauAntoine"]
[WhiteElo "1040"]
[BlackElo "799"]
[Mode "WEB"]
[Result "0-1"]

1. e4 e5 2. Nf3 Nc6 3. Nc3 Nf6 4. Bc4 Bc5 5. O-O Bb4 6. a3 Bxc3 7. dxc3 O-O 8.
Ng5 Qe7 9. Qd3 Na5 10. Qf3 Nxc4 11. Be3 Nxe3 12. Qxe3 Ng4 13. Qh3 Qxg5 14. Qe3
Nxe3 15. fxe3 Qxe3+ 16. Kh1 d6 17. Rf2 Qxf2 18. Rg1 Bg4 19. c4 Rae8 20. c3 Re6
21. c5 dxc5 22. c4 Rh6 23. b4 Qh4 24. Rd1 Qxh2# {LemoalAssiya est échec et mat} 0-1

[Event "Tournament 14459 - Europe Echecs"]
[Site "Europe Echecs"]
[Date "2020.07.07"]
[Round "8"]
[Time "17:52:33"]
[PlyCount "107"]
[White "LottiauNathan"]
[Black "PotieEmilio"]
[WhiteElo "1033"]
[BlackElo "799"]
[Mode "WEB"]
[Result "0-1"]

1. e4 e5 2. Nf3 Nc6 3. Bc4 h6 4. Nc3 Nf6 5. d3 Bc5 6. Be3 Bxe3 7. fxe3 d6 8. Nd5
Nxd5 9. Bxd5 Nb4 10. c3 Nxd5 11. exd5 c6 12. c4 cxd5 13. cxd5 Qa5+ 14. Nd2 O-O
15. e4 Qc5 16. Qe2 g6 17. Nb3 Qb4+ 18. Nd2 h5 19. h4 Bg4 20. Qf1 Rac8 21. a3
Qxb2 22. Kf2 Qxd2+ 23. Kg3 Rc3 24. Kh2 Rxd3 25. Kg1 Qe3+ 26. Kh2 Qg3+ 27. Kg1
Rd2 28. Rh2 Rc2 29. Rb1 Ra2 30. Rd1 Bxd1 31. Qxd1 Rc8 32. Qf1 Rcc2 33. Kh1 Rxg2
34. Rxg2 Rxg2 35. Qxg2 Qe1+ 36. Qg1 Qxh4+ 37. Qh2 Qe1+ 38. Qg1 Qxe4+ 39. Qg2 Qd3
40. Qg1 Qh3+ 41. Qh2 Qxh2+ 42. Kxh2 e4 43. Kg2 e3 44. Kf1 h4 45. Kg2 e2 46. Kf2
h3 47. a4 h2 48. a5 h1=Q 49. a6 bxa6 50. Ke3 e1=Q+ 51. Kd4 Qhg1+ 52. Kc4 Qd1 53.
Kb4 Qc5# {LottiauNathan est échec et mat} 0-1

[Event "Tournament 14459 - Europe Echecs"]
[Site "Europe Echecs"]
[Date "2020.07.07"]
[Round "8"]
[Time "17:52:33"]
[PlyCount "43"]
[White "ElRhourriYanis"]
[Black "FonsatJeanMarc"]
[WhiteElo "799"]
[BlackElo "1030"]
[Mode "WEB"]
[Result "1/2-1/2"]

1. e4 e5 2. Qh5 g6 3. Qxe5+ Be7 4. Qxh8 d6 5. Qxg8+ Bf8 6. Qxh7 d5 7. exd5 Qxd5
8. Nc3 Qd4 9. Nf3 Qd6 10. Bc4 Be6 11. Bxe6 Qxe6+ 12. Kd1 Nc6 13. Ng5 Qg4+ 14.
Nf3 Qxg2 15. Re1+ Ne7 16. Nd5 Qxf2 17. Nxe7 Qxf3+ 18. Re2 Qf1+ 19. Re1 Qf3+ 20.
Re2 Qf1+ 21. Re1 Qf3+ {Nulle par répétition} 1/2-1/2

[Event "Tournament 14459 - Europe Echecs"]
[Site "Europe Echecs"]
[Date "2020.07.07"]
[Round "8"]
[Time "17:52:33"]
[PlyCount "59"]
[White "FongaroLeon"]
[Black "TaralloAurian"]
[WhiteElo "799"]
[BlackElo "1007"]
[Mode "WEB"]
[Result "0-1"]

1. e4 e5 2. Nf3 Nc6 3. Nc3 Bc5 4. Nxe5 Nxe5 5. d4 Nc6 6. dxc5 d5 7. exd5 Ne5 8.
Bb5+ c6 9. Ba4 Nf6 10. dxc6 Qxd1+ 11. Nxd1 O-O 12. cxb7 Bxb7 13. O-O Nh5 14. Bf4
Nxf4 15. c6 Nxc6 16. Bxc6 Bxc6 17. g3 Ng2 18. Kh1 Rae8 19. Ne3 Nxe3+ 20. Kg1 Ng2
21. Kh1 Re2 22. Rae1 Rxc2 23. b4 Nxe1+ 24. Kg1 Ng2 25. b5 Bd5 26. Rd1 Be4 27. f3
Bxf3 28. Rd7 Re8 29. Rxa7 Re1# {FongaroLeon est échec et mat} 0-1

[Event "Tournament 14459 - Europe Echecs"]
[Site "Europe Echecs"]
[Date "2020.07.07"]
[Round "8"]
[Time "17:52:33"]
[PlyCount "55"]
[White "BeddiarSouhil"]
[Black "OgerEryn"]
[WhiteElo "1100"]
[BlackElo "1460"]
[Mode "WEB"]
[Result "0-1"]

1. e4 e5 2. Bc4 Nf6 3. Nf3 Nc6 4. Nc3 Bb4 5. Bd5 d6 6. b3 Bxc3 7. Bxc6+ bxc6 8.
dxc3 Nxe4 9. Nxe5 dxe5 10. Qe2 Nxc3 11. Qxe5+ Be6 12. Qxc3 Qf6 13. Qxc6+ Bd7 14.
Qxc7 Qxa1 15. Kd1 Bg4+ 16. f3 Bf5 17. Re1+ Kf8 18. Qe7+ Kg8 19. Re5 g6 20. Rd5
Kg7 21. Rd6 Qxa2 22. Rd7 Qxc2+ 23. Ke1 Qxc1+ 24. Kf2 Bxd7 25. Qe5+ Kg8 26. Qc7
Qxc7 27. f4 Qxf4+ {BeddiarSouhil a abandonné} 0-1

[Event "Tournament 14459 - Europe Echecs"]
[Site "Europe Echecs"]
[Date "2020.07.07"]
[Round "8"]
[Time "17:52:33"]
[PlyCount "51"]
[White "BlouvacDaphne"]
[Black "HuJeremy"]
[WhiteElo "1130"]
[BlackElo "799"]
[Mode "WEB"]
[Result "0-1"]

1. e4 e5 2. Nf3 Nc6 3. Bc4 Nf6 4. Ng5 Qe7 5. Nc3 h6 6. Nf3 Qd8 7. d3 Bc5 8. O-O
d6 9. a3 O-O 10. b4 Bb6 11. Nd5 Bd7 12. Nxb6 axb6 13. Be3 Bg4 14. b5 Na5 15. Ba2
c5 16. c4 Bxf3 17. Qxf3 Qe7 18. Qg3 Nh5 19. Qg4 Nf6 20. Qg3 Nh5 21. Qh3 Nf6 22.
Qg4 Nxg4 23. Bxh6 gxh6 24. Rab1 Qh4 25. g3 Qxh2# {BlouvacDaphne est échec et mat} 0-1

[Event "Tournament 14459 - Europe Echecs"]
[Site "Europe Echecs"]
[Date "2020.07.07"]
[Round "8"]
[Time "17:52:33"]
[PlyCount "42"]
[White "BorremansPaul"]
[Black "PenarrubiaTom"]
[WhiteElo "980"]
[BlackElo "950"]
[Mode "WEB"]
[Result "1-0"]

1. e4 e5 2. Nf3 Nc6 3. Nc3 Nf6 4. Bb5 a6 5. Ba4 b5 6. Bb3 Bc5 7. d4 Bxd4 8. Nxd4
exd4 9. Bxf7+ Kxf7 10. O-O dxc3 11. bxc3 Nxe4 12. Qh5+ g6 13. Qh6 Ne5 14. f3
Nxc3 15. f4 Nc4 16. f5 gxf5 17. Rxf5+ Ke8 18. Rf8+ Rxf8 19. Bg5 Ne3 20. Bxd8
Kxd8 21. Qxf8# {PenarrubiaTom est échec et mat} 1-0

[Event "Tournament 14459 - Europe Echecs"]
[Site "Europe Echecs"]
[Date "2020.07.07"]
[Round "8"]
[Time "17:52:33"]
[PlyCount "119"]
[White "GervaisClement"]
[Black "GrenouillatFel"]
[WhiteElo "799"]
[BlackElo "799"]
[Mode "WEB"]
[Result "1-0"]

1. e4 d6 2. Nf3 Nf6 3. Nc3 c6 4. Bc4 Na6 5. d3 Qd7 6. Bg5 Qe6 7. O-O Qe5 8. Nxe5
dxe5 9. Bxf6 gxf6 10. Re1 Rg8 11. Nb5 Rg7 12. Nxa7 Rxa7 13. Re3 Rg5 14. Rg3 Rh5
15. Rh3 Rg5 16. Rxh7 Rg6 17. Rh8 Rg7 18. Rh7 Rxh7 19. Bxf7+ Rxf7 20. a4 Nb4 21.
Ra3 c5 22. Rc3 Rxa4 23. Rxc5 b6 24. Rxc8+ Kd7 25. Rc4 b5 26. Rc5 Kd6 27. Rxb5
Na6 28. Rb6+ Kc7 29. Rb3 Kc6 30. Rc3+ Kb5 31. Rc8 Kb6 32. Ra8 Nc7 33. Rb8+ Kc6
34. Qd2 Rc4 35. Qa5 e6 36. Rc8 Kd7 37. Qxc7+ Rxc7 38. Rb8 Re7 39. Rxf8 f5 40.
Rxf5 exf5 41. h4 Rh7 42. exf5 Rh5 43. f6 Rc8 44. f7 Rhh8 45. d4 exd4 46. c3 dxc3
47. bxc3 Rc4 48. h5 Rxc3 49. h6 Ke6 50. h7 Kf6 51. f8=Q+ Ke6 52. Qxh8 Rc6 53.
Qa1 Rc8 54. g4 Kf7 55. g5 Kf8 56. h8=Q+ Kf7 57. Qxc8 Ke7 58. g6 Kd6 59. Qe1 Kd5 {GrenouillatFel a abandonné} 1-0